| 000 | 00731nam a22002417a 4500 | ||
|---|---|---|---|
| 001 | 13360 | ||
| 005 | 20251001080340.0 | ||
| 008 | 251001b |||||||| |||| 00| 0 eng d | ||
| 020 | _a9780324658743 | ||
| 020 | _a0324658745 | ||
| 040 | _aBSULIB | ||
| 082 |
_222 _a657 _bNOR |
||
| 100 |
_aNorton, Curtis L. _93717 |
||
| 245 |
_aIntroduction to financial accounting/ _cCurtis L. Norton , Gary A. Porter |
||
| 250 | _a2nd. ed. | ||
| 260 |
_aCanada: _bCengage Learning, _c2009. |
||
| 300 |
_axxvii, 718 (and other pages): _bill. (some col.); _c23cm. |
||
| 500 | _aIncludes bibliographical references and index. | ||
| 650 | _2Accounting | ||
| 650 | _2Financial accounting | ||
| 700 |
_aPorter, Gary A. _925962 |
||
| 942 |
_2ddc _cBK |
||
| 999 |
_c13360 _d13360 |
||